00726nam a22002177a 4500003000900000005001700009008003100026020001500057040002200072082001700094100003200111245014000143250001200283260003100295300003000326490002200356521002600378700004200404700004000446830002200486DO-SdBNP20180221143655.0160718 1990 sp a spa d a8439289448 aBPMSUbspacBPMSU 4axxxxxbxxxxx1 aCapdevila Blanco, Francisco10a¡Todo es de color! /cFrancisco Capdevila Blanco ; asesores pedagógicos Juan Carlos Carrascosa Calpena, Agustín Berrueta Jiménez a4a. ed. aMadrid : bGaviota,c1990. a[24] p. :bil. ;c22 cm. 1 aNene, Nena y Guau aA partir de 6 años.12aCarrascosa Calpena, Juan Carlosease.12aBerrueta Jiménez, Agustínease. 0aNene, Nena y Guau